Motörhead Songs - Sudden Death - Statistics

General Stats
  • This quiz has been taken 50 times
  • The average score is 6 of 10
Answers on the Grid
Answers color-coded by a green-red scale on the quiz's grid according to % correct below.
Ace of Spades
Another Perfect Day
Bloodburn Speedway
Bomber
Burner
Chrome-Bound Renegade
Deaf Forever
Devil’s Piston Gospel
Full Throttle Tyranny
Gasoline Priesthood
Hellcharge Battalion
Iron Fist
Ironwolf Rampage
Killed by Death
Midnight Engine Riot
Overdrive Executioner
Overkill
Rattlehead Truckstop
Roadkill Messiah
Rusted Venom Highway
Skullbreaker Transmission
Speedhammer
Stay Clean
Steel-Lung Outlaw
The Chase Is Better Than the Catch
The Revolver Prophet
Thundergrip Revolver
Venom in the Gearbox
Viper Torque Vendetta
Whiskey-Fueled Nightmare
 
Answer Stats
Answer % Correct
Ace of Spades
100%
Overkill
75%
Bomber
73%
Iron Fist
68%
Killed by Death
63%
Stay Clean
58%
The Chase Is Better Than the Catch
53%
Deaf Forever
45%
Another Perfect Day
43%
Burner
28%
No matching quizzes found
Score Distribution
Percent of People with Each Score
Percentile by Number Answered
Your Score History
You have not taken this quiz